000 00701cam a22002293a 4500
001 27341
003 PGUSA
005 20140828083606.0
008 081127s2008||||xxu|||||s|||||000 | eng d
040 _aPGUSA
_beng
042 _adc
050 4 _aHX
245 1 0 _aMother Earth, Vol. 1 No. 4, June 1906 :
_bMonthly Magazine Devoted to Social Science and Literature
_h[electronic resource] /
_cVarious
260 _bProject Gutenberg,
_c2008
506 _aPublic domain in the USA.
516 _aElectronic text
653 _aAnarchism -- Periodicals
700 1 _aGoldman, Emma,
_d1869-1940
830 0 _aProject Gutenberg
_v27341
856 4 0 _uhttp://www.gutenberg.org/ebooks/27341
942 _cEB
999 _c256596
_d256596